000 00283nam a2200109 a 4500
005 20201002034726.0
008 130927s1976 000 spa d
100 _aFletcher, Edward
_967829
245 0 _aAntique bottles in colour.
260 _as. l.,
_c1976-- 166 p.
999 _c40733
_d40733
040 _aDO-SdBNP